| 000 | 00635nam a2200217Ia 4500 | ||
|---|---|---|---|
| 001 | 15592 | ||
| 003 | GE_BSU | ||
| 008 | 181216s||||||||xx |||||||||||||| ||und|| | ||
| 040 | _cGE_BSU | ||
| 100 | _aწულეისკირი, ნოდარ | ||
| 245 | _aზესნახე. წ. 1. | ||
| 245 | _bრომანი | ||
| 245 | _cრედ.ლ.თურმანიძე. მხატვ. ა.თოდრია | ||
| 260 | _aთბილისი | ||
| 260 | _bმერანი | ||
| 260 | _c1976 | ||
| 300 | _a236 გვ.21სმ | ||
| 653 | _aზესნახე | ||
| 653 | _aრომანი | ||
| 942 | _cBK | ||
| 999 |
_c48692 _d48692 |
||